Statistics for Name a Valid Country By Clue #3

Click here to take the quiz!

General Stats

  • This quiz has been taken 35 times
  • The average score is 4 of 20

Answer Stats

Name a country ...Answer% Correct
who produces the most batteries, outside
of the USA and China
Germany | Hungary | Poland | South Korea | Sweden
70%
which has the most cars per capitaAndorra | Liechtenstein | Monaco | San Marino |
United States Of America
56%
that has the shortest coastline, that has a
coast
Bosnia and Herzegovina | Jordan | Monaco | Nauru |
Tuvalu
44%
with the highest water qualityFinland | Iceland | Netherlands | Norway |
Switzerland | United Kingdom
41%
with no television broadcast stations
(This doesn’t include territories)
Tuvalu
41%
that doesn’t recognize the USA (Palestine
doesn’t either)
Bhutan | Iran | North Korea | Syria
37%
that produces no cornEstonia | Ireland | Latvia | Malta | Nauru
30%
who has been to space only onceBrazil | Denmark | Israel | Kazakhstan | Malaysia |
South Africa | South Korea | Spain | United Kingdom
26%
who uses the most solar power per capitaAustralia | Chile | Jordan | Vanuatu | Yemen
19%
with the lowest water qualityChad | Central African Republic | Niger | Nigeria |
Togo
19%
with the highest racial diversityChad | Guinea-Bissau | Kenya | Liberia | Mali |
Nepal | Nigeria | South Africa | Togo | Uganda
15%
which is most shaped like a squareEgypt
11%
that was the first to recognize the USA as
a country
Morocco
11%
with no official capitalNauru
11%
which is most shaped like a circleSierra Leone
4%
who was the last country to recognize the
USA, who already existed (1995)
Vietnam
4%
with the lowest racial diversityArgentina | Comoros | Dominican Republic | Haiti |
Rwanda | Uruguay
0%
that has the most litter per capita, outside
of North America
Armenia | Bulgaria | Estonia | Finland | Sweden
0%
that has never released a movie (They’ve
been filmed in these countries, just never
released by them)
Cyprus | United Arab Emirates
0%
which is most shaped like a triangleNicaragua
0%

Score Distribution

Percentile by Number Answered

Percent of People with Each Score

Your Score History

You have not taken this quiz